000 00903nam a22002417a 4500
003 BD-DhSAU
005 20190225135658.0
008 160824b2015 bg ||||| |||| 001 0 eng d
040 _aBD-DhSAU
082 _222
_a581.15
_bAs11
100 _aAsad, Lam Yea
_eRegistration # 20321
245 _aEffect of bovine serum albumin and follicular fluid on in vitro maturation, fertilization and development of goat embryos /
_bPh.D
260 _aBangladesh Agricultural University :
_bDepartment of Animal Breeding and Genetics ,
_c2015
300 _axvii, 117 p. :
_bill. ;
_c30 cm.
500 _aPh.D thesis of Bangladesh Agricultural University
650 _aAnimal Breeding and Geneitics
650 _aMaturation
650 _aFertilization
650 _aGoat
700 _aKhandoker, M.A.M. Yahia
_eSupervisor
700 _aHussain, Syed Sakhawat
_eCo-Supervisor
942 _2ddc
_cPHD
999 _c13512
_d13511